000 00726namaa2200217 i 4500
001 178913
003 ES-MaACL
005 20230906220625.0
008 110809s1900 fr | |||| ||fre d
080 _a159.961.2
100 1 _aSully, James.
_9108763
245 1 4 _aLes illusions des sens et de l'esprit /
_cpar James Sully.
250 _a3em. ed.
260 _aParis :
_bAncienne Librairie Germer Baillière et Cª :
_bFélix Alcan,
_c1900.
300 _a261 p. ;
_c22 cm.
490 1 _aBibliothèque scientifique internationale ;
_v42
650 4 _aAlucinaciones e ilusiones.
_9135554
830 0 _aBibliothèque scientifique internationale ;
_v42
_9186949
852 _aES-MaACL
_jF-14371
999 _c178913
_d178913